| 000 | 00586cam a2200193 4500 | ||
|---|---|---|---|
| 001 | D8018 | ||
| 008 | 090401t1985 xxu||||| |||| 00| 0 eng d | ||
| 035 | _a(Sirsi) u10808 | ||
| 041 | _aeng | ||
| 050 | _a346.4104344 | ||
| 100 | _aProphet, John | ||
| 245 | _aFair rents: a practical guide to the law relating to the rents of residential tenancies including the work of rent officers, rent assessment committees and rent tribunals | ||
| 250 | _a3rd | ||
| 260 |
_aLondon _bShaw & Sons Ltd _c1985 |
||
| 300 | _axxix. 243p. 22cm | ||
| 350 | _a9.5 | ||
| 942 | _n0 | ||
| 948 | _c04/03/1997 | ||
| 999 |
_c86775 _d86775 |
||